000 00697nam a22002417a 4500
001 345
003 FISKH
005 20230328110138.0
008 230328b cb ||||| |||| 00| 0 eng d
020 _a9780763611859
040 _aFISKH
_beng
_cFISKH
_dFISKH
050 _aPZ7
082 _a813
100 _aMartin, David
245 _aMonkey Flies Away
_cDavid Martin and Illustrated by Scott Nash
260 _aSomerville :
_bCandlewick Press.
_c2000.
300 _a4 leaves of plates.
_c14 x 20 cm.
505 _aB
520 _aMonkey's troubles include popping balloons, high-flying kites, and puddles.
521 8 _a160
_bLexile
521 8 _aB
_bRaz-Plus
942 _2ddc
_cBK
_n0
999 _c345
_d345